Learn Spanish - Statistics

General Stats
  • This quiz has been taken 124 times
  • The average score is 11 of 15
Answer Stats
Question Answer % Correct
Hello Hola
100%
Friend Amigo
90%
House Casa
80%
Celebrate Celebrar
80%
Birthday Cumpleaños
80%
Fun Divertido
80%
I speak Spanish Hablo en Español
80%
Country País
80%
Aunty Tía
70%
Job Trabajo
70%
Games Juegos
60%
Movie Película
60%
Garden Jardín
50%
Make up Maquillaje
50%
Candy Caramelo
20%
No matching quizzes found
Score Distribution
Percent of People with Each Score
Percentile by Number Answered
Your Score History
You have not taken this quiz